000 00255nam a2200097 a 4500
005 20201002052428.0
008 150511s2003 000 spa d
245 4 _aUna mirada a la naturaleza.
260 _aDajabón : Centro Puente,
_c2003.
999 _c45249
_d45249
040 _aDO-SdBNP